000 00454nam a2200157Ia 4500
003 OSt
005 20200605154055.0
008 190216s9999||||xx |||||||||||||| ||und||
040 _coclc
082 _a320.954
_bPRA/I
100 _aPrasad , Lallan
_91375
245 0 _aIndian National Movement /
_cL Prasad
260 _bLakshmi Narain Agarwal Pub,
_c1999.
300 _a272p
942 _cBK
_2ddc
_h320.954
_iPRA/I
_k320.954
_mPRA/I
999 _c20731
_d20731